|
|
|
|
| LEADER |
01386nam a2200385 a 4500 |
| 001 |
nkc20142628319 |
| 003 |
CZ PrNK |
| 005 |
20150218131420.0 |
| 007 |
ta |
| 008 |
141006s2014 xr a e p 000 0 cze |
| 015 |
|
|
|a cnb002628319
|
| 020 |
|
|
|a 978-80-87665-47-3
|q (brož.)
|
| 035 |
|
|
|a (OCoLC)903089419
|
| 040 |
|
|
|a OLA001
|b cze
|d ABA001
|
| 072 |
|
7 |
|a 69
|x Stavebnictví
|2 Konspekt
|9 19
|
| 072 |
|
7 |
|a 37.016
|x Učební osnovy. Vyučovací předměty. Učebnice
|2 Konspekt
|9 22
|
| 080 |
|
|
|a 69.059.4
|2 MRF
|
| 080 |
|
|
|a (07)
|2 MRF
|
| 100 |
1 |
|
|a Štys, Daniel
|7 ola2014848220
|4 aut
|
| 245 |
1 |
0 |
|a B2 - Životní cyklus budov z pohledu trvale udržitelné výstavby /
|c [Daniel Štys]
|
| 246 |
3 |
0 |
|a Životní cyklus budov z pohledu trvale udržitelné výstavby
|
| 246 |
1 |
4 |
|a Životní cyklus budovy :
|b (sustainable facility management)
|
| 250 |
|
|
|a 1. vyd.
|
| 260 |
|
|
|a Brno :
|b Národní stavební centrum,
|c 2014
|
| 300 |
|
|
|a 61 s. :
|b il. (barev.) ;
|c 30 cm
|
| 504 |
|
|
|a Obsahuje bibliografii
|
| 650 |
0 |
7 |
|a životnost staveb
|7 ph135236
|2 czenas
|
| 650 |
0 |
9 |
|a life of buildings
|2 eczenas
|
| 655 |
|
7 |
|a učební texty
|7 fd133599
|2 czenas
|
| 655 |
|
9 |
|a educational texts
|2 eczenas
|
| 910 |
2 |
|
|a BOA001
|b 4-1336.587
|
| 990 |
|
|
|a BK
|
| 995 |
|
|
|a 01
|
| 991 |
|
|
|b 201502
|c NOV
|e n
|
| 996 |
6 |
|
|b 2610618425
|c 4-1336.587
|l MZK
|r Sklad / do 1 hodiny
|n 2
|p p.v.
|w 001482671
|u 000010
|a 1
|e BOA001
|j MZK50
|s P
|